000 00249nam a2200109Ia 4500
008 240625s9999 xx 000 0 und d
041 _aeng
082 _a658.15 GUP
100 _aGUPTA J B
245 _aSTRATEGIC FINANCIAL MANAGEMENT
260 _c2010
999 _c34753
_d34753